Pays ayant une capitale commençant par une consonne - Mort subite - Statistiques

Statistiques générales
  • Ce quiz a été pris 163 fois
    125 depuis la dernière actualisation
  • Le résultat moyen est 8 sur 13
Answers on the Grid
Answers color-coded by a green-red scale on the quiz's grid according to % correct below.
France
Allemagne
Italie
Espagne
Argentine
Bolivie
Équateur
Uruguay
Bangladesh
Laos
Vietnam
Angola
Cameroun
Sénégal
Pays-Bas
Grèce
Norvège
Nauru
Paraguay
Mongolie
Burkina Faso
Ghana
Madagascar
Andorre
 
Statistiques - réponses
Réponse % Correct
France
80%
Espagne
73%
Italie
69%
Argentine
68%
Sénégal
64%
Allemagne
60%
Équateur
53%
Vietnam
53%
Uruguay
52%
Bolivie
49%
Bangladesh
43%
Laos
43%
Angola
42%
Aucun quiz correspondant
Distribution des résultats
% des personnes avec chaque résultat
Percentile par nombre de réponses
Votre historique - résultats
Vous n’avez pas pris ce quiz depuis la dernière actualisation